| 000 | 00000nam##2200000za#4500 |
| 001 | 9.644262 |
| 003 | CaOODSP |
| 005 | 20210624224549 |
| 007 | cr ||||||||||| |
| 008 | 150407|1980||||xxc|||||o f|0| 0 fre|d |
| 040 | |aCaOODSP|bfre |
| 043 | |an-cn--- |
| 086 | 1 |aA43-861/1980F-PDF |
| 110 | 1 |aCanada.|bAgriculture Canada. |bDirection générale des communications. |
| 245 | 10|aCueillette des champignons sauvages / |h[ressource électronique]|c[par] J. Walton Groves. |
| 250 | |aRéimpression 1983 |
| 260 | |aOttawa - Ontario : |bAgriculture Canada. |cc1980. |
| 300 | |a40p.|bill., références |
| 500 | |aPublication historique numérisée par Agriculture et Agroalimentaire Canada. |
| 590 | |a15-03-Supp|b2015-03-13 |
| 720 | 1 |aGroves, Walton |
| 775 | 08|tMushroom collecting for beginners / |w(CaOODSP)9.700364 |
| 856 | 40|ahttp://publications.gc.ca|qPDF|s2602 Ko|uhttps://publications.gc.ca/collections/collection_2015/aac-aafc/A43-861-1980-fra.pdf |
| 986 | |aPublication 861 |